Statistics for Tennis ATP Finals - Qualified Beside the Big 4

Click here to take the quiz!

General Stats

  • This quiz has been taken 484 times
    (311 since last reset)
  • The average score is 18 of 25

Answer Stats

YearPlayer% Correct
2017, 2018, 2019, 2020Zverev
97%
2019, 2020Medvedev
96%
2016, 2017, 2018, 2019, 2020Thiem
94%
2019, 2020Tsitsipas
94%
2013, 2014, 2015, 2016, 2017Wawrinka
85%
2012, 2013, 2018del Potro
83%
2014, 2016, 2017, 2018Cilic
82%
2017Dimitrov
82%
2011, 2012Tsonga
80%
2020Rublev
79%
2011, 2012, 2015Ferrer
78%
2018Isner
78%
2014, 2015, 2016, 2018Nishikori
76%
2016Monfils
74%
2016, 2017Goffin
69%
2019Berrettini
68%
2011, 2012, 2013, 2014, 2015Berdych
67%
2014, 2016Raonic
66%
2017Sock
62%
2013Gasquet
61%
2018Anderson
56%
2020Schwartzman
53%
2011Fish
37%
2011, 2012Tipsarević
37%
2017Carreno Busta
34%

Score Distribution

Percentile by Number Answered

Percent of People with Each Score

Your Score History

You have not taken this quiz since the last reset